[Event "Pan-Am ch"]
[Site "Washington USA"]
[Date "2006.12.27"]
[Round "1"]
[White "Panjwani, Raja"]
[Black "Leu, Steven"]
[Result "1-0"]
[WhiteElo "2223"]
[BlackElo "1402"]
[PlyCount "119"]
[EventDate "2006.12.27"]
[EventType "swiss"]
[EventRounds "6"]
[EventCountry "USA"]

1. e4 c5 2. Nf3 e6 3. Qe2 Qc7 4. g3 Nc6 5. c3 Nf6 6. Bg2 Be7 7. O-O O-O 8. d3
d5 9. e5 Nd7 10. Re1 f6 11. exf6 Nxf6 12. Bh3 Kh8 13. Bxe6 Bxe6 14. Qxe6 Qd7
15. Ng5 Qxe6 16. Nxe6 Rf7 17. Nd2 h6 18. Nb3 b6 19. Nf4 Kh7 20. h4 Bd6 21. Re6
Rd8 22. Kg2 Re7 23. Rxe7 Bxe7 24. Be3 Bd6 25. a4 a5 26. d4 cxd4 27. Nxd4 Nxd4
28. Bxd4 Bc5 29. Ne6 Rc8 30. Bxf6 gxf6 31. Rd1 Rc6 32. Nf4 Rd6 33. Rxd5 Rxd5
34. Nxd5 Kg6 35. Ne3 Kf7 36. Kf3 Ke6 37. Ke4 f5+ 38. Nxf5 Bxf2 39. Kf3 Kxf5 40.
Kxf2 Ke4 41. Ke2 Kd5 42. g4 Ke4 43. b4 Kf4 44. g5 hxg5 45. h5 Kf5 46. bxa5 bxa5
47. c4 g4 48. c5 Kg5 49. c6 Kxh5 50. c7 Kh4 51. Kf2 Kg5 52. Kg3 Kf5 53. c8=Q+
Ke4 54. Qd7 Ke3 55. Qd5 Ke2 56. Qd4 Ke1 57. Qf2+ Kd1 58. Qb2 Ke1 59. Qc2 Kf1
60. Qd1# 1-0

[Event "Pan-Am ch"]
[Site "Washington USA"]
[Date "2006.12.28"]
[Round "2"]
[White "Kannan, Atul"]
[Black "Panjwani, Raja"]
[Result "0-1"]
[WhiteElo "1638"]
[BlackElo "2223"]
[PlyCount "74"]
[EventDate "2006.12.27"]
[EventType "swiss"]
[EventRounds "6"]
[EventCountry "USA"]

1. e4 c5 2. Nc3 Nc6 3. f4 g6 4. Nf3 Bg7 5. Bb5 Nd4 6. Nxd4 cxd4 7. Ne2 Qb6 8.
a4 a6 9. Bd3 d6 10. Ng3 Nf6 11. f5 Nd7 12. Be2 h5 13. Bf3 h4 14. Nf1 gxf5 15.
exf5 Qa5 16. g4 e6 17. Qe2 Ne5 18. Ra3 Kd8 19. fxe6 Re8 20. Kd1 Bxe6 21. Rg1 d3
22. cxd3 Qxa4+ 23. Ke1 Qc2 24. Ne3 Nxf3+ 25. Qxf3 Qxc1+ 26. Qd1 Qxd1+ 27. Kxd1
Bxb2 28. Ra5 Be5 29. Nc4 Bxh2 30. Rh1 Bg3 31. Nb6 Rb8 32. g5 h3 33. d4 h2 34.
Ra3 Bg4+ 35. Kc2 Re1 36. Ra1 Rxh1 37. Rxh1 Bf3 0-1

[Event "Pan-Am ch"]
[Site "Washington USA"]
[Date "2006.12.28"]
[Round "3"]
[White "Lu, Edward"]
[Black "Panjwani, Raja"]
[Result "0-1"]
[WhiteElo "2054"]
[BlackElo "2223"]
[PlyCount "88"]
[EventDate "2006.12.27"]
[EventType "swiss"]
[EventRounds "6"]
[EventCountry "USA"]

1. Nf3 Nf6 2. c4 g6 3. g3 Bg7 4. Bg2 O-O 5. O-O d6 6. d4 c6 7. Nc3 Qa5 8. d5
cxd5 9. cxd5 b5 10. Nd4 b4 11. Nb1 Bb7 12. e4 Nbd7 13. Nd2 Ne5 14. N2b3 Qb6 15.
Re1 a5 16. Nc2 Ba6 17. Be3 Qd8 18. Bd4 Rc8 19. Bf1 Bxf1 20. Kxf1 Qd7 21. Kg2
Qb5 22. f3 Rc7 23. Bxe5 dxe5 24. Qe2 Qb6 25. Ne3 Rfc8 26. Rac1 a4 27. Rxc7 Rxc7
28. Nd2 Bh6 29. Ndc4 Qa6 30. b3 Bxe3 31. Qxe3 axb3 32. axb3 Nd7 33. Re2 Nc5 34.
Nxe5 Nxb3 35. Nc6 Qc4 36. Rb2 Nc5 37. Rxb4 Qc2+ 38. Kh3 Nd3 39. Rd4 Nf2+ 40.
Kh4 Nxe4 41. fxe4 Qxh2+ 42. Kg4 Qh5+ 43. Kf4 Rxc6 44. Qa3 Rf6+ 0-1

[Event "Pan-Am ch"]
[Site "Washington USA"]
[Date "2006.12.29"]
[Round "4"]
[White "Panjwani, Raja"]
[Black "Balasubramanian, Adithya"]
[Result "0-1"]
[WhiteElo "2223"]
[BlackElo "2069"]
[PlyCount "88"]
[EventDate "2006.12.27"]
[EventType "swiss"]
[EventRounds "6"]
[EventCountry "USA"]

1. e4 c5 2. Nf3 Nc6 3. Bb5 g6 4. O-O Bg7 5. c3 Nf6 6. d4 Nxe4 7. d5 Nd6 8. Bd3
Ne5 9. Nxe5 Bxe5 10. Re1 Bg7 11. Qe2 e5 12. f4 f6 13. h4 O-O 14. h5 e4 15. Bc2
f5 16. Qf2 b6 17. Nd2 Ba6 18. Nf1 Bxf1 19. Kxf1 gxh5 20. Bd1 Qe8 21. Qh4 Qf7
22. Qxh5 Qxd5 23. Bb3 c4 24. Bc2 Rf6 25. Be3 Rh6 26. Qg5 Nf7 27. Qg3 Rg6 28.
Qh3 Nh6 29. Bd1 Qc6 30. Bh5 Re6 31. Rad1 d5 32. Ke2 Rd8 33. Rg1 Qb5 34. g4 d4
35. Bxd4 e3 36. Kf3 e2 37. Rde1 Rxd4 38. cxd4 Qd5+ 39. Kg3 Re3+ 40. Kh4 fxg4
41. Qxe3 Nf5+ 42. Kxg4 Nxe3+ 43. Kh4 Ng2+ 44. Rxg2 Qxg2 0-1

[Event "Pan-Am ch"]
[Site "Washington USA"]
[Date "2006.12.29"]
[Round "5"]
[White "Panjwani, Raja"]
[Black "Most, Eric"]
[Result "1-0"]
[WhiteElo "2223"]
[BlackElo "1694"]
[PlyCount "71"]
[EventDate "2006.12.27"]
[EventType "swiss"]
[EventRounds "6"]
[EventCountry "USA"]

1. e4 c5 2. Nf3 d6 3. d4 cxd4 4. Nxd4 Nf6 5. f3 g6 6. c4 Bg7 7. Be3 Nc6 8. Qd2
O-O 9. Be2 Bd7 10. O-O Ne5 11. Nc3 Rc8 12. b3 a6 13. Rfd1 Bc6 14. Rac1 Qc7 15.
h3 b6 16. Nd5 Bxd5 17. cxd5 Qb7 18. Rxc8 Rxc8 19. Rc1 h5 20. Rxc8+ Qxc8 21. Qc2
Qb7 22. Nc6 Ned7 23. Nxe7+ Kh7 24. Qc6 Qb8 25. Qc8 b5 26. Qxa6 Qe8 27. Nc8 Nxe4
28. fxe4 Qxe4 29. Qa7 Nc5 30. Qe7 Ne6 31. Bf2 Qxe2 32. dxe6 Qd1+ 33. Kh2 Be5+
34. g3 Qd2 35. Qxf7+ Kh6 36. Ne7 1-0

[Event "Pan-Am ch"]
[Site "Washington USA"]
[Date "2006.12.30"]
[Round "6"]
[White "Pierson, Emmanuel"]
[Black "Panjwani, Raja"]
[Result "0-1"]
[WhiteElo "1648"]
[BlackElo "2223"]
[PlyCount "108"]
[EventDate "2006.12.27"]
[EventType "swiss"]
[EventRounds "6"]
[EventCountry "USA"]

1. e4 c5 2. Nf3 d6 3. d4 cxd4 4. Nxd4 Nf6 5. Nc3 a6 6. Bc4 e6 7. O-O Be7 8. f4
b5 9. Bd3 Bb7 10. Qf3 Nbd7 11. Be3 Rc8 12. a3 Nc5 13. g4 g6 14. Rae1 Nfd7 15.
Nde2 Bf6 16. Bd4 Bxd4+ 17. Nxd4 Qf6 18. Qe3 Qh4 19. h3 h5 20. g5 e5 21. Nde2
Ne6 22. Kh2 exf4 23. Nxf4 Ne5 24. Qg3 Qxg5 25. Nxe6 Qxg3+ 26. Kxg3 fxe6 27. Rf6
Ke7 28. Ref1 Rh7 29. Ne2 Rf7 30. Rxf7+ Nxf7 31. Nd4 Ne5 32. Nf3 Nxf3 33. Rxf3
Rc5 34. Kh4 Re5 35. Rg3 Kf6 36. Re3 Kg7 37. Re2 Kh6 38. Kg3 Rg5+ 39. Kf4 e5+
40. Kf3 h4 41. Rg2 Rxg2 42. Kxg2 Kg5 43. Kf3 d5 44. Bf1 dxe4+ 45. Ke3 Kf6 46.
b3 g5 47. c4 bxc4 48. bxc4 a5 49. c5 Ke6 50. Bg2 Bd5 51. Bf1 Kd7 52. Bb5+ Kc7
53. Kf2 Be6 54. Kg2 Bd7 0-1

[Event "Wch-U16"]
[Site "Batumi GEO"]
[Date "2006.10.20"]
[Round "2"]
[White "Khazhalia, Simon"]
[Black "Panjwani, Raja"]
[Result "0-1"]
[WhiteElo "2038"]
[BlackElo "2223"]
[PlyCount "70"]
[EventDate "2006.10.19"]
[EventType "swiss"]
[EventRounds "13"]
[EventCountry "GEO"]
[Source "Mark Crowther"]
[SourceDate "2006.10.30"]

1. d4 Nf6 2. Nf3 g6 3. Bg5 Bg7 4. c3 d6 5. Nbd2 h6 6. Bh4 g5 7. Bg3 Nh5 8. e4
e6 9. Bd3 Nc6 10. Qc2 g4 11. Ng1 e5 12. Ne2 Qg5 13. O-O-O Bd7 14. Kb1 Qf6 15.
d5 Ne7 16. Rhf1 Qg5 17. Qb3 Rb8 18. Bb5 c6 19. Bxc6 Nxc6 20. dxc6 Bxc6 21. f4
exf4 22. Nxf4 Nxg3 23. hxg3 O-O 24. Rh1 Be5 25. Rh5 Bxf4 26. Rxg5+ Bxg5 27. Qc4
Rbe8 28. b4 Re5 29. Qd4 Rfe8 30. Kb2 d5 31. b5 Bxb5 32. exd5 Be2 33. Re1 Be3
34. Qb4 Bxd2 35. Rxe2 Rxe2 0-1

[Event "Wch-U16"]
[Site "Batumi GEO"]
[Date "2006.10.21"]
[Round "3"]
[White "Panjwani, Raja"]
[Black "Paichadze, Luka"]
[Result "1-0"]
[WhiteElo "2223"]
[BlackElo "2378"]
[PlyCount "67"]
[EventDate "2006.10.19"]
[EventType "swiss"]
[EventRounds "13"]
[EventCountry "GEO"]
[Source "Mark Crowther"]
[SourceDate "2006.10.30"]

1. e4 c6 2. d4 d5 3. e5 Bf5 4. Nc3 e6 5. g4 Bg6 6. Nge2 f6 7. h4 Nd7 8. f4 fxe5
9. fxe5 Be7 10. g5 c5 11. Nf4 Qb6 12. Bb5 cxd4 13. Ncxd5 exd5 14. Nxd5 Qc5 15.
c4 a6 16. b4 Qa7 17. Bxd7+ Kxd7 18. c5 Bd8 19. Qg4+ Ke8 20. h5 Bd3 21. h6 b5
22. Qxd4 Bc4 23. e6 Nxh6 24. gxh6 Qb7 25. hxg7 Rg8 26. Rh5 Qxg7 27. Qxg7 Rxg7
28. Bb2 Rg2 29. O-O-O Bxa2 30. e7 Bxe7 31. Nc7+ Kf7 32. Rxh7+ Kg8 33. Rxe7 Rf8
34. Rh1 1-0

[Event "Wch-U16"]
[Site "Batumi GEO"]
[Date "2006.10.22"]
[Round "4"]
[White "Onischuk, Vladimir"]
[Black "Panjwani, Raja"]
[Result "1-0"]
[WhiteElo "2427"]
[BlackElo "2223"]
[PlyCount "91"]
[EventDate "2006.10.19"]
[EventType "swiss"]
[EventRounds "13"]
[EventCountry "GEO"]
[Source "Mark Crowther"]
[SourceDate "2006.10.30"]

1. e4 e5 2. Nf3 Nc6 3. Bc4 Nf6 4. d3 h6 5. Bb3 d6 6. c3 g6 7. Nbd2 Bg7 8. Nf1
O-O 9. Ng3 Qe7 10. O-O Kh8 11. h3 Bd7 12. Nh2 Na5 13. Bc2 d5 14. b4 Nc6 15. b5
Na5 16. exd5 Nxd5 17. c4 Nb4 18. a3 Nxc2 19. Qxc2 b6 20. Bb2 f5 21. Rfe1 f4 22.
Ngf1 Rae8 23. Nf3 Qd6 24. N1d2 Rf7 25. Ne4 Qf8 26. Bc3 Nb7 27. Qb2 Qe7 28. Re2
Nd6 29. Rae1 Bf5 30. Nxe5 Bxe5 31. Nxd6 cxd6 32. Bxe5+ dxe5 33. Rxe5 Kh7 34.
Rxe7 Rfxe7 35. Rxe7+ Rxe7 36. d4 Rc7 37. c5 bxc5 38. b6 axb6 39. Qxb6 Rc8 40.
dxc5 g5 41. c6 h5 42. Qc5 Kg6 43. Qd6+ Kg7 44. Qe5+ Kg6 45. c7 Ra8 46. h4 1-0

[Event "Wch-U16"]
[Site "Batumi GEO"]
[Date "2006.10.23"]
[Round "5"]
[White "Panjwani, Raja"]
[Black "Morales Garcia, Sergio"]
[Result "1/2-1/2"]
[WhiteElo "2223"]
[BlackElo "2230"]
[PlyCount "128"]
[EventDate "2006.10.19"]
[EventType "swiss"]
[EventRounds "13"]
[EventCountry "GEO"]
[Source "Mark Crowther"]
[SourceDate "2006.10.30"]

1. e4 c5 2. Nf3 d6 3. d4 cxd4 4. Nxd4 Nf6 5. Nc3 a6 6. Be2 e5 7. Nb3 Be7 8. O-O
O-O 9. Kh1 Be6 10. f4 Qc7 11. f5 Bc4 12. g4 d5 13. g5 Nxe4 14. Nxe4 dxe4 15. f6
Bd6 16. Bxc4 Qxc4 17. fxg7 Kxg7 18. Be3 Be7 19. Qh5 Nc6 20. Rf2 Rad8 21. Rg1
Rd6 22. Rf6 Kh8 23. Qh6 Rfd8 24. Nd2 Rxd2 25. b3 Qxc2 26. Rxf7 Rxh2+ 27. Qxh2
Qxh2+ 28. Kxh2 Kg8 29. Rgf1 Rd3 30. g6 hxg6 31. Bh6 Rf3 32. R1xf3 exf3 33. Rxf3
Nd4 34. Rg3 Kf7 35. Bd2 Bd6 36. Kg2 Kf6 37. Bc3 Ne2 38. Rf3+ Ke6 39. Bd2 Nf4+
40. Kf1 g5 41. Rc3 Kf5 42. Rc8 Ke4 43. Rg8 Kf5 44. b4 g4 45. a4 Ke4 46. Rxg4
Kd3 47. Bxf4 exf4 48. Rg7 Bxb4 49. Rxb7 Kc4 50. Kf2 Kb3 51. a5 Kc4 52. Rb6 Bxa5
53. Rxa6 Bd2 54. Rd6 Be3+ 55. Kf3 Kc5 56. Rd3 Kc4 57. Ke4 Kc5 58. Rc3+ Kd6 59.
Rc2 Ke6 60. Rc6+ Kd7 61. Rf6 Ke7 62. Kf5 Bd2 63. Re6+ Kd7 64. Re4 Be3 1/2-1/2

[Event "Wch-U16"]
[Site "Batumi GEO"]
[Date "2006.10.23"]
[Round "6"]
[White "Flores Rios, Mauricio"]
[Black "Panjwani, Raja"]
[Result "0-1"]
[WhiteElo "2336"]
[BlackElo "2223"]
[PlyCount "76"]
[EventDate "2006.10.19"]
[EventType "swiss"]
[EventRounds "13"]
[EventCountry "GEO"]
[Source "Mark Crowther"]
[SourceDate "2006.10.30"]

1. e4 e5 2. Nf3 Nc6 3. Bb5 Nf6 4. d3 d6 5. O-O Bd7 6. c3 g6 7. Re1 Bg7 8. Nbd2
O-O 9. a3 Kh8 10. Bc4 Ng8 11. b4 a6 12. Bb2 f5 13. Ba2 g5 14. Nc4 g4 15. Nfd2
f4 16. Nf1 Qh4 17. d4 f3 18. Nce3 Nge7 19. Bc4 Rf6 20. Ng3 Raf8 21. d5 Nd8 22.
Bc1 Bh6 23. Ngf5 Nxf5 24. Nxf5 Bxf5 25. g3 Qh5 26. exf5 Nf7 27. Bxh6 Nxh6 28.
Bd3 Nxf5 29. Bxf5 Rxf5 30. Re4 Qg6 31. h4 gxh3 32. Kh2 Rf4 33. Re3 h5 34. Qf1
Rg4 35. Qxh3 Kg7 36. Rg1 e4 37. Ree1 Rh8 38. Qh4 Kf7 0-1

[Event "Wch-U16"]
[Site "Batumi GEO"]
[Date "2006.10.25"]
[Round "7"]
[White "Panjwani, Raja"]
[Black "Margvelashvili, Giorgi"]
[Result "1/2-1/2"]
[WhiteElo "2223"]
[BlackElo "2456"]
[PlyCount "82"]
[EventDate "2006.10.19"]
[EventType "swiss"]
[EventRounds "13"]
[EventCountry "GEO"]
[Source "Mark Crowther"]
[SourceDate "2006.10.30"]

1. e4 c6 2. d4 d5 3. e5 Bf5 4. Nc3 e6 5. g4 Bg6 6. Nge2 h5 7. Nf4 Ne7 8. Nxg6
Nxg6 9. gxh5 Ne7 10. Bg5 Nd7 11. Qg4 Qb6 12. O-O-O Nf5 13. Bh3 Nh6 14. Qe2 Bb4
15. Nb1 Qa6 16. Qxa6 bxa6 17. Rhg1 Nf5 18. Bxf5 exf5 19. c3 Be7 20. Bxe7 Kxe7
21. Rg5 Rh7 22. Nd2 Rah8 23. Nf3 Nf8 24. Nh4 Ne6 25. Nxf5+ Kf8 26. Rg3 Rxh5 27.
Nd6 g6 28. Rf3 R8h7 29. Rg1 Ke7 30. Rg2 c5 31. Rg4 Rxh2 32. dxc5 Nxc5 33. c4
dxc4 34. Rxc4 Rxf2 35. Rxf2 Nd3+ 36. Kd2 Nxf2 37. Rf4 Rh2 38. Rxf7+ Ke6 39.
Rxa7 Kxe5 40. Nf7+ Kd5 41. Rxa6 Ne4+ 1/2-1/2

[Event "Wch-U16"]
[Site "Batumi GEO"]
[Date "2006.10.25"]
[Round "8"]
[White "Can, Emre"]
[Black "Panjwani, Raja"]
[Result "1/2-1/2"]
[WhiteElo "2399"]
[BlackElo "2223"]
[PlyCount "41"]
[EventDate "2006.10.19"]
[EventType "swiss"]
[EventRounds "13"]
[EventCountry "GEO"]
[Source "Mark Crowther"]
[SourceDate "2006.10.30"]

1. e4 c5 2. Nf3 Nc6 3. Bb5 d6 4. O-O Bd7 5. Re1 Nf6 6. c3 a6 7. Bf1 Bg4 8. h3
Bh5 9. Na3 e6 10. Nc2 Be7 11. d4 Bg6 12. Bd3 d5 13. exd5 Nxd5 14. Bxg6 hxg6 15.
c4 Nf6 16. Be3 cxd4 17. Ncxd4 Nxd4 18. Qxd4 Qxd4 19. Bxd4 Rc8 20. Rac1 Rh5 21.
a3 1/2-1/2

[Event "Wch-U16"]
[Site "Batumi GEO"]
[Date "2006.10.26"]
[Round "9"]
[White "Panjwani, Raja"]
[Black "Aswin, Jayaram"]
[Result "1-0"]
[WhiteElo "2223"]
[BlackElo "2322"]
[PlyCount "155"]
[EventDate "2006.10.19"]
[EventType "swiss"]
[EventRounds "13"]
[EventCountry "GEO"]
[Source "Mark Crowther"]
[SourceDate "2006.11.06"]

1. e4 c5 2. Nf3 d6 3. d4 cxd4 4. Nxd4 Nf6 5. f3 e5 6. Nb3 Be6 7. c4 a5 8. Be3
a4 9. N3d2 Nbd7 10. Be2 Be7 11. O-O Qa5 12. Nc3 Bd8 13. Kh1 Bb6 14. Bg5 O-O 15.
Nd5 Bxd5 16. cxd5 Bc5 17. a3 Qa7 18. Rc1 h6 19. Bh4 Bd4 20. Rc2 g5 21. Be1 Nc5
22. Nc4 Ne8 23. Bd3 Nb3 24. g3 Qb8 25. Nd2 Nc5 26. Qe2 Nc7 27. Nc4 N7a6 28. Ne3
Nxd3 29. Qxd3 Nc5 30. Qe2 Bxe3 31. Qxe3 f5 32. Rcf2 fxe4 33. fxe4 Qc7 34. Bb4
Na6 35. Bd2 Qh7 36. Rf5 Rxf5 37. Rxf5 Rf8 38. g4 Rxf5 39. gxf5 Qc7 40. h4 Qc2
41. hxg5 Nc5 42. gxh6 Qxe4+ 43. Kh2 Kh7 44. Qg3 Qe2+ 45. Kg1 Qd1+ 46. Be1 Qd4+
47. Bf2 Qd1+ 48. Kh2 Qh5+ 49. Kg2 Qxh6 50. Bxc5 dxc5 51. Qxe5 Qd2+ 52. Kf3 Qd1+
53. Kf4 Qc1+ 54. Kg4 Qg1+ 55. Kh5 Qh1+ 56. Kg5 Qh6+ 57. Kg4 Qd2 58. Qe7+ Kg8
59. Qg5+ Qxg5+ 60. Kxg5 Kf7 61. d6 b5 62. f6 Ke6 63. Kg6 Kxd6 64. f7 Kd5 65.
f8=Q Kc4 66. Qf7+ Kd4 67. Qf1 b4 68. axb4 cxb4 69. Qb5 a3 70. Qxb4+ Kd5 71.
bxa3 Kc6 72. a4 Kc7 73. a5 Kc6 74. a6 Kd5 75. a7 Kc6 76. a8=Q+ Kd7 77. Qd5+ Kc7
78. Qbb7# 1-0

[Event "Wch-U16"]
[Site "Batumi GEO"]
[Date "2006.10.27"]
[Round "10"]
[White "Nguyen, Ngoc Truongson"]
[Black "Panjwani, Raja"]
[Result "1/2-1/2"]
[WhiteElo "2534"]
[BlackElo "2223"]
[PlyCount "110"]
[EventDate "2006.10.19"]
[EventType "swiss"]
[EventRounds "13"]
[EventCountry "GEO"]
[Source "Mark Crowther"]
[SourceDate "2006.10.30"]

1. d4 Nf6 2. c4 g6 3. Nf3 Bg7 4. g3 O-O 5. Bg2 d6 6. O-O c6 7. Nc3 Qa5 8. Bg5
h6 9. Bxf6 Bxf6 10. h3 Bg7 11. e3 c5 12. Qd2 Nc6 13. Rfd1 Bd7 14. a3 Rfd8 15.
b4 cxb4 16. axb4 Qxb4 17. Bf1 d5 18. c5 e5 19. Rab1 exd4 20. exd4 Qa3 21. Rxb7
Na5 22. Qb2 Qxb2 23. Rxb2 Bc6 24. Ba6 f5 25. Ra2 Nc4 26. Bb5 Bxb5 27. Nxb5 a5
28. Nc7 Rac8 29. Ne6 Rd7 30. Nxg7 Kxg7 31. Re1 Rb8 32. Re6 Kf7 33. Ra6 Re7 34.
Kg2 Re6 35. Ra7+ Re7 36. R2xa5 Nxa5 37. Ne5+ Kf6 38. Ra6+ Re6 39. Nd7+ Ke7 40.
Nxb8 Rxa6 41. Nxa6 Nc6 42. Nc7 Nxd4 43. Nxd5+ Kd7 44. Nb4 g5 45. h4 Ne6 46. Nd3
Kc6 47. hxg5 hxg5 48. Kf3 Kd5 49. Ke3 Nxc5 50. Nxc5 Kxc5 51. g4 fxg4 52. Ke4
Kc4 53. Kf5 Kd3 54. Kxg4 Ke2 55. Kxg5 Kxf2 1/2-1/2

[Event "Wch-U16"]
[Site "Batumi GEO"]
[Date "2006.10.28"]
[Round "11"]
[White "Panjwani, Raja"]
[Black "Tologontegin, Semetery"]
[Result "1-0"]
[WhiteElo "2223"]
[BlackElo "2325"]
[PlyCount "143"]
[EventDate "2006.10.19"]
[EventType "swiss"]
[EventRounds "13"]
[EventCountry "GEO"]
[Source "Mark Crowther"]
[SourceDate "2006.10.30"]

1. e4 c5 2. Nf3 d6 3. d4 cxd4 4. Nxd4 Nf6 5. Nc3 a6 6. Bc4 e6 7. Bb3 b5 8. O-O
Be7 9. Qf3 Qc7 10. Qg3 O-O 11. Bh6 Ne8 12. Rad1 Bd7 13. a3 Nc6 14. Nxc6 Bxc6
15. Rfe1 Rd8 16. Rd3 Kh8 17. Bg5 Bf6 18. Red1 Qe7 19. Bxf6 Nxf6 20. f3 d5 21.
exd5 Bxd5 22. Nxd5 Nxd5 23. Bxd5 Rxd5 24. Rxd5 exd5 25. Qf2 Rd8 26. Rd4 h6 27.
Qd2 Kg8 28. h3 Qc5 29. Kf1 Rd6 30. Qd3 Rd8 31. c3 Rd6 32. h4 h5 33. Qf5 g6 34.
Qe5 Qc6 35. Kf2 Kh7 36. Qe7 Rd7 37. Qe5 Rd6 38. Rf4 Kg8 39. Qe7 f6 40. Rd4 Rd7
41. Qe8+ Kg7 42. f4 Qd6 43. f5 gxf5 44. Qxh5 Qe6 45. Qe2 Qe5 46. Qe3 Kg6 47. a4
Kf7 48. Rf4 Ke6 49. g3 Re7 50. axb5 axb5 51. Rf3 b4 52. Qc5 d4 53. Qc4+ Kd6 54.
Qxd4+ Qxd4+ 55. cxd4 Ke6 56. Re3+ Kd7 57. Rxe7+ Kxe7 58. Kf3 b3 59. h5 Kf7 60.
Kf4 Ke6 61. h6 Kd5 62. h7 Kxd4 63. h8=Q Kd3 64. Qxf6 Kc2 65. Qc3+ Kb1 66. Qxb3
Kc1 67. Qc3+ Kb1 68. b4 Ka2 69. b5 Kb1 70. Qd2 Ka1 71. Ke3 f4+ 72. Kd3 1-0

[Event "CAN-ch"]
[Site "Toronto CAN"]
[Date "2006.08.19"]
[Round "2"]
[White "Panjwani, Raja"]
[Black "Schleifer, Michael"]
[Result "1/2-1/2"]
[WhiteElo "2222"]
[BlackElo "2340"]
[PlyCount "59"]
[EventDate "2006.08.18"]
[EventType "swiss"]
[EventRounds "9"]
[EventCountry "CAN"]
[Source "Mark Crowther"]
[SourceDate "2006.08.21"]

1. e4 c6 2. d4 d5 3. Nd2 Qb6 4. c3 g6 5. Ngf3 Bg7 6. h3 Nh6 7. Bd3 O-O 8. Qe2
e6 9. e5 c5 10. dxc5 Qxc5 11. O-O Nf5 12. Nb3 Qb6 13. Bxf5 exf5 14. Qd3 Be6 15.
Be3 Qa6 16. Qxa6 Nxa6 17. Nc5 Nxc5 18. Bxc5 Rfc8 19. Bd6 Rc4 20. Nd4 Bf8 21.
Bxf8 Kxf8 22. f4 a6 23. a4 b6 24. Ra3 Bd7 25. b4 Rac8 26. Rf3 Ke7 27. Rd3 a5
28. b5 h6 29. Kf2 Rg8 30. Ne2 1/2-1/2

[Event "CAN-ch"]
[Site "Toronto CAN"]
[Date "2006.08.22"]
[Round "5"]
[White "Panjwani, Raja"]
[Black "Arsenault, Nicolas"]
[Result "1-0"]
[WhiteElo "2222"]
[BlackElo "2113"]
[PlyCount "45"]
[EventDate "2006.08.18"]
[EventType "swiss"]
[EventRounds "9"]
[EventCountry "CAN"]
[Source "Mark Crowther"]
[SourceDate "2006.08.28"]

1. e4 e6 2. d4 d5 3. Nc3 Nf6 4. Bg5 Bb4 5. e5 h6 6. Be3 Ne4 7. Qg4 g5 8. h4 h5
9. hxg5 hxg4 10. Rxh8+ Bf8 11. Nxe4 dxe4 12. Ne2 c6 13. Ng3 Nd7 14. Nxe4 Qa5+
15. Bd2 Qb6 16. O-O-O Qxd4 17. Nf6+ Nxf6 18. g6 Qxe5 19. g7 Qc5 20. Be3 Qe7 21.
Rxf8+ Qxf8 22. Rd8+ Kxd8 23. gxf8=Q+ 1-0

[Event "CAN-ch"]
[Site "Toronto CAN"]
[Date "2006.08.23"]
[Round "6"]
[White "Hamilton, Robert"]
[Black "Panjwani, Raja"]
[Result "1/2-1/2"]
[WhiteElo "2333"]
[BlackElo "2222"]
[PlyCount "87"]
[EventDate "2006.08.18"]
[EventType "swiss"]
[EventRounds "9"]
[EventCountry "CAN"]
[Source "Mark Crowther"]
[SourceDate "2006.08.28"]

1. d4 Nf6 2. c4 g6 3. Nc3 Bg7 4. e4 d6 5. Be2 O-O 6. Bg5 Na6 7. Nf3 h6 8. Bc1
Qe8 9. O-O e5 10. dxe5 dxe5 11. b3 Nc5 12. Qc2 Ne6 13. Nd5 Nd7 14. Ba3 c5 15.
Bb2 b6 16. Rfe1 Bb7 17. Rad1 Rd8 18. a3 f6 19. b4 Nb8 20. b5 Nd4 21. Nxd4 cxd4
22. c5 Bxd5 23. exd5 bxc5 24. Qxc5 Qd7 25. a4 Rc8 26. Qb4 Qxd5 27. Rc1 Kh7 28.
Bf3 Qd7 29. Qb3 Rfd8 30. a5 f5 31. Rxc8 Rxc8 32. Bd5 Rc5 33. Bc4 Qc8 34. Be6
Qe8 35. Bf7 Rxb5 36. Qa2 Qd8 37. g4 Qxa5 38. Bxg6+ Kxg6 39. Qe6+ Kh7 40. Qxf5+
Kh8 41. Qc8+ Kh7 42. Qf5+ Kh8 43. Qc8+ Kh7 44. Qf5+ 1/2-1/2

[Event "CAN-ch"]
[Site "Toronto CAN"]
[Date "2006.08.24"]
[Round "7"]
[White "Panjwani, Raja"]
[Black "Khassanov, Marat"]
[Result "0-1"]
[WhiteElo "2222"]
[BlackElo "2314"]
[PlyCount "76"]
[EventDate "2006.08.18"]
[EventType "swiss"]
[EventRounds "9"]
[EventCountry "CAN"]
[Source "Mark Crowther"]
[SourceDate "2006.08.28"]

1. e4 d5 2. exd5 Nf6 3. d4 Nxd5 4. Nf3 Bf5 5. Bd3 Bxd3 6. Qxd3 e6 7. O-O Nd7 8.
c4 N5f6 9. Nc3 Be7 10. Bg5 O-O 11. Rad1 h6 12. Bh4 Re8 13. h3 c6 14. a3 Qc7 15.
b4 a5 16. Bg3 Qd8 17. c5 axb4 18. axb4 Ra3 19. Ne1 Nd5 20. Nxd5 Rxd3 21. Nxe7+
Qxe7 22. Nxd3 Nf6 23. Bd6 Qd8 24. Rfe1 Nd5 25. Ra1 Qh4 26. f4 Qg3 27. Ra3 e5
28. Rea1 e4 29. Ne5 e3 30. Ra8 Rxa8 31. Rxa8+ Kh7 32. Nxf7 Qf2+ 33. Kh1 e2 34.
Rh8+ Kg6 35. f5+ Kxf5 36. g4+ Ke4 37. Re8+ Kd3 38. Ne5+ Kc2 0-1

[Event "CAN-ch"]
[Site "Toronto CAN"]
[Date "2006.08.25"]
[Round "8"]
[White "Divljan, Igor"]
[Black "Panjwani, Raja"]
[Result "1-0"]
[WhiteElo "2319"]
[BlackElo "2222"]
[PlyCount "99"]
[EventDate "2006.08.18"]
[EventType "swiss"]
[EventRounds "9"]
[EventCountry "CAN"]
[Source "Mark Crowther"]
[SourceDate "2006.08.28"]

1. d4 Nf6 2. c4 g6 3. Nc3 Bg7 4. e4 d6 5. h3 O-O 6. Bg5 Na6 7. Bd3 e5 8. d5 Qe8
9. g4 Bd7 10. Nge2 c6 11. Ng3 cxd5 12. cxd5 Nc5 13. Bc2 b5 14. b4 Na4 15. Nxa4
bxa4 16. O-O h5 17. gxh5 Nh7 18. h4 Nxg5 19. hxg5 Rc8 20. Kg2 f6 21. hxg6 Qxg6
22. Bxa4 Bxa4 23. Qxa4 f5 24. exf5 Qxg5 25. Qd7 Rce8 26. Rae1 e4 27. Rh1 Qg4
28. Re3 Re5 29. Rh5 Rf6 30. Qd8+ Kf7 31. Qc7+ Kf8 32. Qc4 Rg6 33. fxg6 Rxh5 34.
Qxe4 Qxe4+ 35. Nxe4 Rxd5 36. Rf3+ Kg8 37. Nf6+ Bxf6 38. Rxf6 a5 39. bxa5 Kg7
40. Re6 Rxa5 41. Rxd6 Rxa2 42. Kg3 Kh6 43. f4 Ra1 44. Kg4 Ra5 45. Re6 Rb5 46.
f5 Rb4+ 47. Kf3 Kg5 48. g7 Rb3+ 49. Ke2 Rb8 50. Rg6+ 1-0

[Event "CAN-op"]
[Site "Kitchener CAN"]
[Date "2006.07.15"]
[Round "1"]
[White "Willms, Jeff"]
[Black "Panjwani, Raja"]
[Result "0-1"]
[WhiteElo "1936"]
[BlackElo "2222"]
[PlyCount "166"]
[EventDate "2006.07.15"]
[EventType "swiss"]
[EventRounds "9"]
[EventCountry "CAN"]

1. e4 c5 2. Nf3 d6 3. d4 cxd4 4. Nxd4 Nf6 5. Nc3 a6 6. Rg1 e6 7. g4 b5 8. g5
Nfd7 9. a3 Bb7 10. Be3 Nb6 11. h4 N8d7 12. h5 g6 13. Nb3 Nc4 14. Bxc4 bxc4 15.
Nd2 Rc8 16. h6 Be7 17. f4 O-O 18. Nf3 Re8 19. Qe2 Nc5 20. Bd4 d5 21. O-O-O dxe4
22. Ne5 Qc7 23. f5 exf5 24. Nxg6 Nb3+ 25. cxb3 fxg6 26. b4 Qc6 27. Bc5 Qe6 28.
Na4 Red8 29. Nb6 Rxd1+ 30. Rxd1 Bxg5+ 31. Kb1 Rd8 32. Rxd8+ Bxd8 33. Nxc4 Bc7
34. Bb6 Bxb6 35. Nxb6 Qxb6 36. Qc4+ Kf8 37. Qc3 Qg1+ 38. Ka2 Bd5+ 39. b3 Qf2+
40. Ka1 Qf1+ 41. Kb2 Qe2+ 42. Kc1 Qf1+ 43. Kb2 Qd3 44. Qc8+ Ke7 45. Qc7+ Kf6
46. Qd8+ Ke6 47. Qc8+ Kd6 48. Qd8+ Kc6 49. Qc8+ Kb6 50. Qc5+ Kb7 51. Qe7+ Kb8
52. Qf8+ Ka7 53. Qc5+ Kb7 54. Qe7+ Kc6 55. Qf6+ Be6 56. Qxe6+ Qd6 57. Qe8+ Kb6
58. Qg8 e3 59. Qe8 f4 60. Qe4 Qf6+ 61. Ka2 g5 62. Qxh7 e2 63. Qe4 Qxh6 64. Qxe2
Qh3 65. Qe5 f3 66. Qd6+ Kb7 67. Qd5+ Kc7 68. Qc5+ Kd7 69. Qd5+ Ke8 70. Qg8+ Ke7
71. Qxg5+ Ke6 72. Qe3+ Kf5 73. Qd3+ Kf4 74. Qd6+ Kg4 75. Qg6+ Kh4 76. Qf6+ Kg3
77. Qe5+ Kg2 78. Qe4 Kh2 79. Qf4+ Qg3 80. Qh6+ Kg1 81. Qe3+ Qf2+ 82. Qxf2+ Kxf2
83. Kb2 Ke3 0-1